Northern Ireland property market. (Record no. 61208)

MARC details
000 -LEADER
fixed length control field 00604cam a2200157 4500
001 - CONTROL NUMBER
control field WB3529-13
008 - FIXED-LENGTH DATA ELEMENTS--GENERAL INFORMATION
fixed length control field 000000n1999 000 0 eng u
035 ## - SYSTEM CONTROL NUMBER
System control number (Sirsi) u102116
245 ## - TITLE STATEMENT
Title Northern Ireland property market.
260 ## - PUBLICATION, DISTRIBUTION, ETC.
Place of publication, distribution, etc. c1999
490 ## - SERIES STATEMENT
Series statement Irish Times - Commercial Property
Volume/sequential designation 29 July 1999, 26-19 (LOAN)
520 ## - SUMMARY, ETC.
Summary, etc. A feature on the commercial property market in Northern Ireland, including articles on the office market and rents, the International Airport and the Industrial Development Board.
650 ## - SUBJECT ADDED ENTRY--TOPICAL TERM
Topical term or geographic name entry element NORTHERN IRELAND
690 ## - LOCAL SUBJECT ADDED ENTRY--TOPICAL TERM (OCLC, RLIN)
Topical term or geographic name as entry element PROPERTY-COMMERCIAL PROPERTY
942 ## - ADDED ENTRY ELEMENTS (KOHA)
Suppress in OPAC 0
Holdings
Withdrawn status Lost status Source of classification or shelving scheme Damaged status Not for loan Home library Current library Shelving location Date acquired Total Checkouts Full call number Barcode Date last seen Copy number Price effective from Koha item type
    Dewey Decimal Classification     London London News article 16/11/1999   WB3529-13 102116-1001 06/08/2019 1 06/08/2019 News article